| 000 | 00777nam a2200241 a 4500 | ||
|---|---|---|---|
| 001 | 1551 | ||
| 003 | BR-CuiBMT | ||
| 005 | 20231215031407.0 | ||
| 008 | 231129s2013 dfba 000 0 por d | ||
| 040 |
_aBR-CuiBMT _cBR-CuiBMT |
||
| 080 |
_a364:657.6 _22007 |
||
| 090 |
_a364:657.6 _bB823o _c3. ed. |
||
| 110 | 1 |
_aBrasil. _bTribunal de Contas da União. |
|
| 245 | 1 | 0 |
_aOrientações para conselhos da área de assistência social / _cTribunal de Contas da União. |
| 250 | _a3. ed. | ||
| 260 |
_aBrasília : _bTCU, Secretaria de Controle Externo, _c2013. |
||
| 300 |
_a276 p. : _bil. ; _c28 cm |
||
| 504 | _aInclui bibliografia. | ||
| 650 |
_aControle social _zBrasil |
||
| 650 |
_aAssistência social _zBrasil |
||
| 650 |
_aPrograma Bolsa Família _zBrasil |
||
| 942 |
_2udc _cLV |
||
| 999 |
_c1551 _d1551 |
||